000 01108cam a2200313 i 4500
001 18125324
005 20161112135639.0
008 140423s2015 enka b 001 0 eng
010 _a 2014939151
020 _a9781446285909 (hbk.)
020 _a9781446285916 (pbk.)
040 _aDLC
_beng
_erda
_cDLC
_dDLC
042 _apcc
050 0 0 _aP94.6
_b.L58 2015
082 0 0 _aDC 302.2
_22015
_bL74
100 1 _aLiu, Shuang,
_eauthor.
245 1 0 _aIntroducing intercultural communication :
_bglobal cultures and contexts /
_cShuang Liu, Zala Volčič & Cindy Gallois.
250 _aSecond edition.
260 _aLondon:
_bSAGE Publications Ltd.,
_cc2015.
300 _axix, 360 pages :
_billustrations ;
_c24 cm
504 _aIncludes bibliographical references and index.
650 0 _aIntercultural communication.
700 1 _aGallois, Cynthia,
_eauthor.
700 1 _aVolčič, Zala,
_eauthor.
365 _b4,575.00
_cPhp
906 _a7
_bcbc
_corignew
_d2
_eepcn
_f20
_gy-gencatlg
942 _2ddc
_cDC
999 _c5599
_d5599